000 00571nam a22001577a 4500
003 NUST
038 _aNusrat Nadeem
082 _a200
100 _aBatool, Fatima
_9134429
245 _aEnhancing Psycho Social Behavioral skills for Autism Spectrum Disorder: Evaluating a Multimodal Learning Game Framework for Smart Devices/
_cFatima Batool,
264 _aIslamabad:
_SSEECS NUST,
_c2026.
650 _aMS-Data Science
_9123017
700 _aSupervisor Dr. Farzana Jabeen
_9120299
856 _u http://10.250.8.41:8080/xmlui/handle/123456789/57684
942 _2ddc
_cSC
999 _c617428
_d617428